| 000 | 00688nam a2200241Ia 4500 | ||
|---|---|---|---|
| 003 | OSt | ||
| 005 | 20220928102811.0 | ||
| 006 | a|||||r|||| 00| 0 | ||
| 007 | ta | ||
| 008 | 220927b |||||||| |||| 00| 0 eng d | ||
| 020 | _c17386.049999999999 | ||
| 024 | _a129624 | ||
| 037 |
_b225, 08/03/2016, N.R.Book Distributors _cTextual |
||
| 040 |
_aSDCL _cSDCL _beng |
||
| 041 |
_2eng _aeng |
||
| 082 | _aL:4:56n1,N83, Q3 | ||
| 245 | 0 | _aAnual review of immunology (Vol. 31) | |
| 260 |
_aCalifornia _c2013 |
||
| 300 |
_a1-818p _ccm. |
||
| 650 | _aBiochemistry | ||
| 942 |
_hL:4:56n1,N83, Q3 _cTEXL _2CC |
||
| 999 |
_c716344 _d716344 |
||